| 000 | 00705cab a2200217 4500 | ||
|---|---|---|---|
| 001 | WB3303-31 | ||
| 008 | 090401t1997 xxu||||| |||| 00| 0 eng d | ||
| 035 | _a(Sirsi) u26580 | ||
| 041 | _aeng | ||
| 245 | _aHedgerow threat | ||
| 260 | _c1997 | ||
| 350 | _a0 | ||
| 490 |
_aPlanning Week _v5(1) 9 January 1997, 3(1) |
||
| 520 | _aThe result of the hedgerow enclosure acts case could have serious implications for planners who will have to take boundaries into consideration when planning new developments. (See WB3301-24) | ||
| 650 |
_aBoundary disputes _96221 |
||
| 650 | _aENCLOSURE ACT 1765 | ||
| 650 | _aHEDGEROWS | ||
| 690 | _aPLANNING LAW AND PRACTICE | ||
| 942 | _n0 | ||
| 948 | _c04/03/1997 | ||
| 999 |
_c17875 _d17875 |
||